[Event "Calvia op"]
[Site "Calvia"]
[Date "2006.10.14"]
[Round "4.20"]
[White "Niculae, Alexandru"]
[Black "Moreno Garcia, Alfonso"]
[Result "1-0"]
[WhiteElo "2110"]
[BlackElo "2019"]
[PlyCount "61"]
[EventDate "2006.10.11"]
[EventType "swiss"]
[EventRounds "9"]
[EventCountry "ESP"]
[SourceTitle "EXT 2007"]
[Source "ChessBase"]
[SourceDate "2006.11.23"]
[SourceVersion "1"]
[SourceVersionDate "2006.11.23"]
[SourceQuality "1"]

1. d4 Nf6 2. c4 g6 3. Nc3 Bg7 4. e4 d6 5. Be2 0-0 6. f4 c5 7. d5 e6 8. dxe6 fxe6 9. Nf3 Nc6 10. 0-0 a6 11. Kh1 Qc7 12. Qe1 Nd4 13. Bd3 Nxf3 14. Rxf3 Bd7 15. Qh4 b5 16. f5 exf5 17. exf5 b4 18. Ne2 Bxf5 19. Bxf5 gxf5 20. Ng3 Rae8 21. Nxf5 Nd7 22. Nxg7 Rxf3 23. gxf3 Kxg7 24. Bh6+ Kf7 25. Qh5+ Ke7 26. Bg5+ Kf8 27. Qxh7 Re6 28. Bh6+ Ke8 29. Rg1 Kd8 30. Rg8+ Re8 31. Bg5+ 1-0